Statistics for Countries of football clubs: trick questions (2)

Click here to take the quiz!

General Stats

  • This quiz has been taken 14 times
  • The average score is 7 of 20

Answer Stats

QuestionAnswer% Correct
C.D. Marathón‎Honduras
71%
FC Sancti SpíritusCuba
64%
Côte d'OrSeychelles
57%
Atlas YıldızsporTurkey
57%
Team BangladeshPalau
50%
JSM SkikdaAlgeria
43%
Arabica FC KirundoBurundi
43%
Harlem UnitedDominica
43%
Océan PacifiqueDemocratic Republic of Congo
36%
Steve Biko Football ClubGambia
36%
Bakewell Topp XXGuyana
36%
Ambernath United AtlantaIndia
36%
TürkiyemsporGermany
29%
FBK BalkanSweden
29%
Ranger'sAndorra
21%
Halat al-SharifIsrael
21%
Buryatia Ulan-UdeRussia
21%
West Auckland TownEngland
14%
Dunaszerdahelyi ACSlovakia
7%
Beti KozkorSpain
0%

Score Distribution

Percentile by Number Answered

Percent of People with Each Score

Your Score History

You have not taken this quiz